| 000 | 00695nam a22001577a 4500 | ||
|---|---|---|---|
| 003 | OSt | ||
| 005 | 20160819095916.0 | ||
| 008 | 160819b xxu||||| |||| 00| 0 eng d | ||
| 040 | _cRUA | ||
| 082 | _aAVM SUN 2015 B508 Or.1 | ||
| 100 |
_99232 _aSUN SUNTHEARA, ស៊ុន សុគន្ធារ៉ា |
||
| 245 | _aFarmer's knowledge on agricultural machineries usage at kampong cham province, កម្រិតយល់ដឹងរបស់កសិករទៅលើការប្រើប្រាស់គ្រឿងយន្តកសិកម្មនៅខេត្តកំពង់ចាម | ||
| 260 |
_aPhnom Penh _bRUA _c2015 |
||
| 300 |
_ax; 47p. _bill. _c29cm. |
||
| 942 |
_2ddc _cAVM |
||
| 999 |
_c8895 _d8895 |
||